[Event "Trieste Piccola Fenice 2nd"]
[Site "Trieste"]
[Date "2025.03.01"]
[Round "4"]
[White "Kubicka, Anna"]
[Black "Zamengo, Fulvio"]
[Result "0-1"]
[WhiteElo "2230"]
[BlackElo "2368"]
[PlyCount "128"]
[EventDate "2025.02.27"]
[EventType "swiss"]
[EventRounds "9"]
[EventCountry "ITA"]
[SourceTitle "CB10_2025"]
[SourceDate "2025.03.05"]
[SourceVersion "1"]
[SourceVersionDate "2025.03.05"]
[SourceQuality "1"]

1. e4 d5 2. exd5 Qxd5 3. Nc3 Qd6 4. d4 Nf6 5. Nf3 c6 6. Ne5 Be6 7. Nc4 Qd8 8. Bf4 g6 9. Qd2 Bg7 10. Ne5 Nbd7 11. Nxd7 Qxd7 12. 0-0-0 Rd8 13. Bh6 Bxh6 14. Qxh6 Qc7 15. Be2 Qa5 16. a3 b5 17. Bf3 Rd6 18. Ne4 Nxe4 19. Bxe4 Kd7 20. Qg7 Rb8 21. Qe5 f6 22. Qc5 Qb6 23. Qxb6 Rxb6 24. b4 a5 25. bxa5 Ra6 26. Kb2 Rxa5 27. c3 Bc4 28. Rhe1 e6 29. h4 Ra8 30. g3 Kc7 31. Bc2 Rd7 32. Bb3 Kd6 33. Bxc4 bxc4 34. Ra1 Ra4 35. Reb1 Rda7 36. Ra2 c5 37. Rd1 Rb7+ 38. Kc2 Rb3 39. dxc5+ Kxc5 40. Rda1 e5 41. f3 Kc6 42. g4 Kd5 43. h5 gxh5 44. gxh5 Ke6 45. Rg1 Raxa3 46. Rxa3 Rxa3 47. Kb2 Ra7 48. Rg4 Rb7+ 49. Kc2 Rc7 50. h6 f5 51. Rg8 Kf6 52. Kd2 Rd7+ 53. Ke2 Ra7 54. Rc8 Ra2+ 55. Ke1 Rh2 56. Rxc4 Kg5 57. Rc7 Kf4 58. Rxh7 Kxf3 59. Rf7 f4 60. h7 e4 61. Kd1 e3 62. c4 Rh1+ 63. Kc2 e2 64. Re7 Rxh7 0-1

[Event "Trieste Piccola Fenice 2nd"]
[Site "Trieste"]
[Date "2025.02.28"]
[Round "2"]
[White "Kubicka, Anna"]
[Black "Mazzi, Leonardo"]
[Result "1-0"]
[WhiteElo "2230"]
[BlackElo "1983"]
[PlyCount "93"]
[EventDate "2025.02.27"]
[EventType "swiss"]
[EventRounds "9"]
[EventCountry "ITA"]
[SourceTitle "CB10_2025"]
[SourceDate "2025.03.05"]
[SourceVersion "1"]
[SourceVersionDate "2025.03.05"]
[SourceQuality "1"]

1. e4 c5 2. Nf3 d6 3. Bb5+ Bd7 4. c4 a6 5. Bxd7+ Nxd7 6. 0-0 Ngf6 7. Nc3 g6 8. d3 Bg7 9. h3 0-0 10. Be3 Qa5 11. Qd2 Rfe8 12. Bh6 b5 13. Bxg7 Kxg7 14. Nh2 bxc4 15. dxc4 Ne5 16. b3 Nc6 17. f4 Rad8 18. Rac1 e6 19. f5 exf5 20. exf5 Nd4 21. Qf2 Rf8 22. Ng4 Nxg4 23. hxg4 f6 24. fxg6 hxg6 25. Nd5 f5 26. Rce1 Rd7 27. g5 Qd8 28. Nf6 Rdf7 29. Re3 Rxf6 30. gxf6+ Qxf6 31. Rfe1 Nc6 32. Re6 Qg5 33. Rxd6 Nd4 34. Qe3 Qg4 35. Qe5+ Kg8 36. Qd5+ Kh8 37. Qe5+ Kg8 38. Qd5+ Kh8 39. Re3 Ne2+ 40. Kf2 Nf4 41. Qe5+ Kg8 42. g3 Nh3+ 43. Kg2 Rf7 44. Rd8+ Rf8 45. Rxf8+ Kxf8 46. Qf6+ Kg8 47. Re8+ 1-0

[Event "Titled Tuesday intern op 11th Feb Early"]
[Site "Chess.com INT"]
[Date "2025.02.11"]
[Round "4"]
[White "Domingo Nunez, Ruben"]
[Black "Kubicka, Anna"]
[Result "0-1"]
[WhiteElo "2430"]
[BlackElo "2230"]
[PlyCount "50"]
[EventDate "2025.02.11"]
[EventType "swiss (blitz)"]
[EventRounds "11"]
[EventCountry "USA"]
[SourceTitle "CB09_2025"]
[SourceDate "2025.02.27"]
[SourceVersion "1"]
[SourceVersionDate "2025.02.27"]
[SourceQuality "1"]

1. g4 c6 2. Bg2 d6 3. c4 Nd7 4. Nc3 Ne5 5. d4 Nxc4 6. e4 e5 7. b3 Nb6 8. Bb2 exd4 9. Qxd4 Bxg4 10. h3 Bh5 11. Nge2 Qf6 12. Qd2 Qh6 13. f4 Bxe2 14. Nxe2 Qh4+ 15. Kd1 0-0-0 16. a4 d5 17. e5 d4 18. a5 Nd5 19. Bxd4 a6 20. Kc2 Nge7 21. Kb2 Nf5 22. Bf2 Qxf2 23. Be4 Nde3 24. Bxf5+ Nxf5 25. Qc2 Ne3 0-1

[Event "Titled Tuesday intern op 11th Feb Early"]
[Site "Chess.com INT"]
[Date "2025.02.11"]
[Round "6"]
[White "Kubicka, Anna"]
[Black "Matinian, Nikita"]
[Result "0-1"]
[WhiteElo "2230"]
[BlackElo "2415"]
[PlyCount "88"]
[EventDate "2025.02.11"]
[EventType "swiss (blitz)"]
[EventRounds "11"]
[EventCountry "USA"]
[SourceTitle "CB08_2025"]
[SourceDate "2025.02.19"]
[SourceVersion "1"]
[SourceVersionDate "2025.02.19"]
[SourceQuality "1"]

1. e4 c5 2. Ne2 Nc6 3. g3 d5 4. Bg2 dxe4 5. Nec3 Nf6 6. Nxe4 Nxe4 7. Bxe4 Bh3 8. Qh5 Qd7 9. Qxc5 Rc8 10. Nc3 f5 11. Bd5 e6 12. Qe3 Kf7 13. Bxc6 Qxc6 14. Rg1 Bb4 15. Qd4 Bc5 16. Qh4 Qf3 17. d4 Bb4 18. Qf4 Rxc3 19. bxc3 Bxc3+ 20. Bd2 Qxf4 21. gxf4 Bxa1 22. Ke2 Bxd4 23. Rg3 Bg4+ 24. f3 Bh5 25. Rh3 Bg6 26. Rg3 Rc8 27. Kd3 Bb6 28. Rg2 Rd8+ 29. Kc4 Rd5 30. Re2 Rd7 31. Kb3 Ke7 32. c4 Bf7 33. Bb4+ Ke8 34. Re5 Bd8 35. Ra5 b6 36. Re5 Bc7 37. Re3 Bxf4 38. Re2 e5 39. a4 Rd3+ 40. Kc2 Rxf3 41. c5 Bb3+ 42. Kb2 Bc4 43. Rc2 Rb3+ 44. Ka2 Rxb4+ 0-1

[Event "Titled Tuesday intern op 04th Feb Early"]
[Site "Chess.com INT"]
[Date "2025.02.04"]
[Round "8"]
[White "Iljin, Timofey"]
[Black "Kubicka, Anna"]
[Result "1-0"]
[WhiteElo "2253"]
[BlackElo "2230"]
[PlyCount "55"]
[EventDate "2025.02.04"]
[EventType "swiss (blitz)"]
[EventRounds "11"]
[EventCountry "USA"]
[SourceTitle "CB07_2025"]
[SourceDate "2025.02.12"]
[SourceVersion "1"]
[SourceVersionDate "2025.02.12"]
[SourceQuality "1"]

1. e4 c5 2. Nc3 d6 3. Bc4 Nf6 4. f4 Nc6 5. Nf3 e6 6. 0-0 Be7 7. a3 0-0 8. d3 d5 9. Ba2 Nd4 10. e5 Nxf3+ 11. Qxf3 Nd7 12. Ne2 Kh8 13. Be3 f6 14. exf6 Nxf6 15. Rae1 d4 16. Bd2 Nd5 17. c3 dxc3 18. bxc3 Bf6 19. f5 Bd7 20. Qh3 Qc8 21. Ng3 Nxc3 22. Bxc3 Bxc3 23. fxe6 Bc6 24. e7 Rxf1+ 25. Rxf1 Bf6 26. Rxf6 gxf6 27. Qh6 Qg4 28. Qf8+ 1-0

[Event "Titled Tuesday intern op 04th Feb Early"]
[Site "Chess.com INT"]
[Date "2025.02.04"]
[Round "7"]
[White "Kubicka, Anna"]
[Black "Fabris, Alberto"]
[Result "1-0"]
[WhiteElo "2230"]
[BlackElo "2230"]
[PlyCount "83"]
[EventDate "2025.02.04"]
[EventType "swiss (blitz)"]
[EventRounds "11"]
[EventCountry "USA"]
[SourceTitle "CB07_2025"]
[SourceDate "2025.02.12"]
[SourceVersion "1"]
[SourceVersionDate "2025.02.12"]
[SourceQuality "1"]

1. e4 c5 2. Nf3 Nc6 3. d4 cxd4 4. Nxd4 Nf6 5. Nc3 e5 6. Nxc6 bxc6 7. Bd3 Be7 8. 0-0 0-0 9. h3 d5 10. Bg5 d4 11. Ne2 h6 12. Bxf6 Bxf6 13. f4 exf4 14. Nxf4 Be5 15. Qh5 Qg5 16. Qxg5 hxg5 17. Ne2 Be6 18. b3 Rab8 19. a4 g6 20. a5 Kg7 21. Ra4 Rfd8 22. Bc4 Bxc4 23. Rxc4 d3 24. cxd3 Rxd3 25. b4 Rb3 26. Nd4 Bxd4+ 27. Rxd4 R3xb4 28. Rd7 Rxe4 29. Rfxf7+ Kg8 30. Rg7+ Kh8 31. Rh7+ Kg8 32. Rdg7+ Kf8 33. Rxa7 Kg8 34. Rag7+ Kf8 35. Rxg6 Ra4 36. Rxg5 Rb1+ 37. Kh2 Rba1 38. Ra7 R1a3 39. Rh5 Kg8 40. Rc5 Ra1 41. Rxc6 Rxa5 42. Rc8# 1-0

[Event "Titled Tuesday intern op 04th Feb Early"]
[Site "Chess.com INT"]
[Date "2025.02.04"]
[Round "1"]
[White "Kubicka, Anna"]
[Black "Ilkhomi, Jaloliddin"]
[Result "0-1"]
[WhiteElo "2230"]
[BlackElo "2335"]
[PlyCount "62"]
[EventDate "2025.02.04"]
[EventType "swiss (blitz)"]
[EventRounds "11"]
[EventCountry "USA"]
[SourceTitle "CB07_2025"]
[SourceDate "2025.02.12"]
[SourceVersion "1"]
[SourceVersionDate "2025.02.12"]
[SourceQuality "1"]

1. e4 e6 2. d4 d5 3. Nd2 Nf6 4. e5 Nfd7 5. Bd3 c5 6. c3 Nc6 7. Ne2 cxd4 8. cxd4 f6 9. Nf4 Nxd4 10. Qh5+ Ke7 11. exf6+ Nxf6 12. Ng6+ hxg6 13. Qxh8 Kf7 14. Qh4 e5 15. 0-0 Bd6 16. Nb3 Nf5 17. Bxf5 Bxf5 18. Bg5 Qh8 19. Bxf6 gxf6 20. Qg3 Rd8 21. h3 d4 22. Qf3 e4 23. Qe2 Bxh3 24. Qxe4 Bf5 25. Qxb7+ Rd7 26. Qxd7+ Bxd7 27. f4 Qh4 28. Rf3 Bxf4 29. Nxd4 Bh2+ 30. Kh1 Bg3+ 31. Kg1 Qxd4+ 0-1

[Event "Titled Tuesday intern op 04th Feb Late"]
[Site "Chess.com INT"]
[Date "2025.02.04"]
[Round "8"]
[White "Kubicka, Anna"]
[Black "Karas, Marek"]
[Result "1-0"]
[WhiteElo "2230"]
[BlackElo "2160"]
[PlyCount "61"]
[EventDate "2025.02.04"]
[EventType "swiss (blitz)"]
[EventRounds "11"]
[EventCountry "USA"]
[SourceTitle "CB07_2025"]
[SourceDate "2025.02.12"]
[SourceVersion "1"]
[SourceVersionDate "2025.02.12"]
[SourceQuality "1"]

1. e4 a6 2. g3 c5 3. Bg2 Nc6 4. Ne2 g6 5. 0-0 d6 6. c3 e5 7. d4 cxd4 8. cxd4 Bg7 9. Be3 Nf6 10. h3 0-0 11. Nbc3 b5 12. d5 Ne7 13. Rc1 Bb7 14. b4 Nd7 15. a4 bxa4 16. Nxa4 f5 17. f3 Rf7 18. Qc2 Rc8 19. Qd3 f4 20. gxf4 Bh6 21. Rxc8 Bxc8 22. Rc1 exf4 23. Bd4 Bg7 24. Qc3 Ne5 25. Qc7 Qxc7 26. Rxc7 Bf6 27. Nb6 Rf8 28. Kf1 a5 29. Nxc8 Nxc8 30. bxa5 g5 31. a6 1-0

[Event "Titled Tuesday intern op 04th Feb Late"]
[Site "Chess.com INT"]
[Date "2025.02.04"]
[Round "4"]
[White "Olsen, Filip Boe"]
[Black "Kubicka, Anna"]
[Result "1-0"]
[WhiteElo "2472"]
[BlackElo "2230"]
[PlyCount "141"]
[EventDate "2025.02.04"]
[EventType "swiss (blitz)"]
[EventRounds "11"]
[EventCountry "USA"]
[SourceTitle "CB07_2025"]
[SourceDate "2025.02.12"]
[SourceVersion "1"]
[SourceVersionDate "2025.02.12"]
[SourceQuality "1"]

1. d4 Nf6 2. c4 c5 3. d5 e6 4. Nc3 exd5 5. cxd5 d6 6. Nf3 g6 7. Bf4 a6 8. a4 Bg7 9. e3 0-0 10. h3 Qe7 11. Be2 Nbd7 12. 0-0 Ne8 13. Nd2 f5 14. Bh2 Ne5 15. Re1 Qh4 16. Bf1 g5 17. Ra3 g4 18. Bg3 Qh6 19. Bf4 Qg6 20. h4 g3 21. Bxg3 Nf6 22. Nf3 Nh5 23. Bf4 Ng4 24. Ng5 Nxf4 25. exf4 Bd4 26. Nh3 Qh6 27. Ne2 Bf6 28. g3 Bd7 29. Ng5 b5 30. axb5 axb5 31. Qa1 Rxa3 32. Qxa3 b4 33. Qa7 Qg7 34. b3 h6 35. Ne6 Bxe6 36. Qxg7+ Kxg7 37. dxe6 Re8 38. Nc1 Bc3 39. Re2 Bd4 40. Kg2 Kf6 41. Nd3 Rxe6 42. Rxe6+ Kxe6 43. Be2 d5 44. Bf3 Kd6 45. Bxg4 fxg4 46. f3 gxf3+ 47. Kxf3 Bc3 48. g4 c4 49. Nc1 d4 50. bxc4 Kc5 51. f5 Kxc4 52. f6 d3 53. f7 Bg7 54. Ke3 Kc3 55. Nxd3 b3 56. g5 hxg5 57. hxg5 Bf8 58. Ke4 Bg7 59. Nc5 b2 60. Na4+ Kc4 61. Nxb2+ Kc5 62. Kf5 Kd6 63. Kg6 Bf8 64. Nc4+ Ke7 65. Ne5 Ke6 66. Ng4 Ke7 67. Nf6 Ke6 68. Nh7 Ke7 69. Nxf8 Kxf8 70. Kh7 Kxf7 71. g6+ 1-0